Secondary education in the nineteenth century
Saved in:
| Main Author: | |
|---|---|
| Format: | Book |
| Language: | English |
| Published: |
Cambridge University Press
1921
|
| Tags: |
Add Tag
No Tags, Be the first to tag this record!
|
MARC
| LEADER | 00000nam a22000007a 4500 | ||
|---|---|---|---|
| 008 | 210726b ||||| |||| 00| 0 eng d | ||
| 020 | |a 9781107622326 | ||
| 100 | |a ARCHER R. L. | ||
| 245 | |a Secondary education in the nineteenth century |c R. L. Archer |g XIV, 363p. | ||
| 260 | |b Cambridge University Press |c 1921 |h New York |i 296304 |i 296305 |l LA 634 .AR2 |m Education Secondary |m Education .. Great Britain | ||
| 500 | |a It includes index | ||
| 942 | |a lcc |c BK |e ADEYEYE Y. S. |f 26 - 07 - 2021 | ||
| 952 | |0 0 |1 0 |2 lcc |4 0 |6 LA0634 A R2 |7 0 |9 2827 |a HOL |b ED |c LP |d 2021-07-26 |l 0 |o LA 634 . AR2 |p 2021-66489 |r 2021-07-26 00:00:00 |w 2021-07-26 |y BK | ||
| 952 | |0 0 |1 0 |2 lcc |4 0 |6 LA0634 A R2 |7 0 |9 2828 |a HOL |b ED |c LP |d 2021-07-26 |l 0 |o LA 634 . AR2 |p 2021-66490 |r 2021-07-26 00:00:00 |w 2021-07-26 |y BK | ||
| 999 | |c 1467 |d 1467 | ||